Most popular halloween candy Quiz Stats

 Plays Quiz not verified by Sporcle

Score 0/15 Timer 03:00
0 Plays Today
rank candy % Correct
7.Snickers
86%
9.Reese
69.2%
2.Hershey
68.2%
11.Milky Way
60.1%
14.M&M's
60.1%
6.Candy Corn
48.1%
1.Tootsie Roll
38.4%
10.Almond Joy
31.3%
rank candy % Correct
8.Baby Ruth
26.7%
3.Crunch
25.4%
4.Nerds
20.9%
15.Sour Patch
12%
13.Life Savers
6.4%
12.Razzles
5.1%
5.Hot Tamales
4.3%

You're not logged in!

Compare scores with friends on all Sporcle quizzes.
OR
Log In

Show Comments

Extras

Top Quizzes Today


Score Distribution

Your Account Isn't Verified!

In order to create a playlist on Sporcle, you need to verify the email address you used during registration. Go to your Sporcle Settings to finish the process.

Report this User

Report this user for behavior that violates our Community Guidelines.

Details: